000 00305nam a2200109Ia 4500
008 220204s9999 xx 000 0 und d
082 _a338.43
_bHAR
100 _aHaragopal, G
245 0 _aAdministrative leadership and rural development in India
260 _aNew Delhi
_bLight and Life
_c1980
942 _cBK
999 _c34617
_d34617